000 00387nam a22001571a 4500
020 _a9788185226217
082 _aM3
_bVAR/I
100 _aMuttathu Varkey
245 _aInapravukal/
_cby Muttathu Varkey
260 _aKottayam:
_bKairali Mudralayam,
_c1998.
300 _a135p.
650 _aNovel Malayalam
650 _aLiterature Malayalam
650 _aLiterature
942 _cBK
999 _c19269
_d19269